000
00252nam a2200097Ia 4500
001
703616
005
20250826162355.0
008
250824s9999 xx 000 0 und d
245
0
_a
HARİTADA KAYBOLMAK
_c
VLADİMİR TUMANOV
260
_b
GÜNIŞIĞI YAYINLARI
999
_c
703616
_d
703616